000 00730na a2200253 4500
001 21535
003 MIRAKIL
005 20181213154803.0
008 170205b tu 000 0
020 _a9786053961314
040 _aMilas
_btur
_cTR-AnCHP
041 _atur
082 _a305.409392
_bT27p 2011
090 _a305.409392 T27p 2011
100 _aTaşkın, Sefa
245 _aPergamon kadınları
_cSefa Taşkın : ed. Nezih Başgelen
260 _aİstanbul
_bArkeoloji ve Sanat Yayınları
_c2011
300 _a174 s.
_bhrt. ; fotg.
_c21 sm.
500 _aYapıt yazarından imzalıdır.
504 _aKaynakça var.
650 _aKadınlar
_xEskiçağ
_xBergama
700 _aBaşgelen, Nezih
942 _2ddc
_cBKS
999 _c837
_d837